Heartache On The Big Screen - 5 Seconds of Summer (All) - Statistics

General Stats
  • This quiz has been taken 123 times
    112 since last reset
  • The average score is 270 of 311
Answer Stats
HOTBS % Correct
a
100%
A
100%
I
100%
on?
100%
on
100%
the
100%
The
100%
in
98%
movie
98%
see
98%
This
98%
this
98%
out
97%
big
95%
heartache
95%
is
95%
screen
95%
you
95%
And
94%
and
94%
that
94%
But
92%
it
92%
me
92%
story
92%
of
90%
starring
90%
end
89%
start
89%
time
89%
to
89%
wanna
89%
ain't
87%
all
87%
bad
87%
clock
87%
dream
87%
I'm
87%
now
87%
like
86%
Like
86%
tragic
86%
where
86%
ended
84%
forgot
84%
movies
84%
my
84%
My
84%
ticking
84%
scene
83%
Verse 1 Started
83%
started
83%
stuck
83%
before
81%
script
81%
they
81%
going
79%
inside
79%
lines
79%
one
79%
seen
79%
we're
79%
forward
78%
What's
78%
went
76%
Fast
75%
rolling
75%
camera's
73%
Bridge If
73%
repeat
73%
wrong
73%
crowd
71%
Curtain
71%
gone
71%
Back
70%
everyone's
70%
Pre-Chorus Rewind
70%
home
68%
opened
68%
after
67%
get
67%
heard
67%
ripped
67%
could
65%
day
65%
Hollywood
65%
I'd
65%
role
65%
won't
65%
roar
63%
so
63%
square
62%
acting
60%
broken
60%
Cut
60%
hearted
60%
here
60%
one's
60%
stand
60%
fool
59%
I'll
57%
keep
57%
Yell
57%
forgotten
56%
just
56%
cliché
52%
they've
52%
As
51%
closes
51%
yeah
48%
No matching quizzes found
Score Distribution
Percent of People with Each Score
Percentile by Number Answered
Your Score History
You have not taken this quiz since the last reset